Ekonomický růst v České republice v kontextu jejího členství v EU
Charakteristika vývoja HDP v priebehu príprav ČR na vstup do EÚ. Dopady vstupu ČR do EÚ na vývoj HDP a ekonomickú konvergenciu. Ak sa medziročné tempo rastu HDP bude dlhodobo pohybovať okolo 5-6 percent, odhaduje sa , že Česko má reálnu šancu odstrániť rozdiel v ekonomickej úrovni v porovnaní s prie...
Enregistré dans:
| Auteur principal: | |
|---|---|
| Format: | Chapitre de livre |
| Langue: | tchèque |
| Sujets: | |
| Tags: |
Pas de tags, Soyez le premier à ajouter un tag!
|
MARC
| LEADER | 00000naa$a2200000$$$4500 | ||
|---|---|---|---|
| 001 | 0044638 | ||
| 005 | 20220726123551.1 | ||
| 041 | 0 | |a cze | |
| 044 | |a SK | ||
| 245 | 1 | 0 | |a Ekonomický růst v České republice v kontextu jejího členství v EU |c Marian Lebiedzik |
| 520 | |a Charakteristika vývoja HDP v priebehu príprav ČR na vstup do EÚ. Dopady vstupu ČR do EÚ na vývoj HDP a ekonomickú konvergenciu. Ak sa medziročné tempo rastu HDP bude dlhodobo pohybovať okolo 5-6 percent, odhaduje sa , že Česko má reálnu šancu odstrániť rozdiel v ekonomickej úrovni v porovnaní s priemerou EÚ okolo roku 2030 (Írsko potrebovalo rovnaký čas). | ||
| 610 | 2 | 0 | |a Česko |
| 610 | 2 | 0 | |a rast hospodársky |
| 610 | 2 | 0 | |a Európska únia |
| 610 | 2 | 0 | |a konvergencia |
| 610 | 2 | 0 | |a úroveň rozvoja hospodárskeho |
| 610 | 2 | 0 | |a porovnanie medzinárodné |
| 100 | 1 | |a Lebiedzik, Marian | |